भागानगर (हैद्रबाद )निशस्त्र प्रतिकार (Record no. 370211)
[ view plain ]
| 000 -LEADER | |
|---|---|
| fixed length control field | 03709 a2200157 4500 |
| 003 - CONTROL NUMBER IDENTIFIER | |
| control field | OSt |
| 005 - DATE AND TIME OF LATEST TRANSACTION | |
| control field | 20260213155548.0 |
| 008 - FIXED-LENGTH DATA ELEMENTS--GENERAL INFORMATION | |
| fixed length control field | 260211b |||||||| |||| 00| 0 eng d |
| 020 ## - INTERNATIONAL STANDARD BOOK NUMBER | |
| International Standard Book Number | 9789395664493 |
| 100 ## - MAIN ENTRY--PERSONAL NAME | |
| Personal name | गोडबोले श्री. |
| 9 (RLIN) | 216713 |
| 245 ## - TITLE STATEMENT | |
| Title | भागानगर (हैद्रबाद )निशस्त्र प्रतिकार |
| 260 ## - PUBLICATION, DISTRIBUTION, ETC. (IMPRINT) | |
| Name of publisher, distributor, etc. | भारतीय विचार साधना प्रकाशन |
| Date of publication, distribution, etc. | 2023 |
| Place of publication, distribution, etc. | पुणे |
| 300 ## - PHYSICAL DESCRIPTION | |
| Extent | 127pp. |
| 520 ## - SUMMARY, ETC. | |
| Summary, etc. | १९३८-३९ मध्ये हैद्राबाद (भागानगर) संस्थानातील निजामशाहीच्या दडपशाहीविरुद्ध हिंदू महासभा आणि आर्य समाजाने उभारलेला 'भागानगर निःशस्त्र प्रतिकार' हा एक प्रमुख संघटित लढा होता [२, ६]। स्वातंत्र्यवीर सावरकरांच्या नेतृत्वाखाली हिंदूंच्या धार्मिक व नागरी हक्कांसाठी हा लढा चालवला गेला, ज्यामध्ये संघाच्या स्वयंसेवकांचाही महत्त्वाचा सहभाग होता [४, ६]। <br/>भागानगर निःशस्त्र प्रतिकाराची प्रमुख वैशिष्ट्ये:<br/>कालावधी: सप्टेंबर १९३८ ते ऑगस्ट १९३९ दरम्यान हा लढा लढला गेला [२, ४]।<br/>उद्देश: निजाम राजवटीत हिंदूंवर होणारे अत्याचार, धार्मिक स्वातंत्र्य नाकारणे आणि आर्य समाज/हिंदू महासभेच्या कार्यावर घातलेली बंदी याविरुद्ध आवाज उठवणे [३, ६]।<br/>नेतृत्व व सहभाग: हिंदू महासभेने 'भागानगर निःशस्त्र प्रतिकार मंडळ' स्थापन केले, ज्यात वाय. डी. जोशी, दत्तोपंत ठेंगडी यांसारख्या नेत्यांचा समावेश होता [७]। सावरकरांच्या आवाहनानंतर राष्ट्रीय स्वयंसेवक संघाच्या स्वयंसेवकांनीही यात मोठा सहभाग घेतला [२, ४]।<br/>निःशस्त्र स्वरूप: हा लढा अहिंसक (सत्याग्रह) होता, तरीही तो संघटित आणि आक्रमक स्वरूपाचा होता [४]।<br/>परिणाम: या आंदोलनामुळे निजामाला काही अटी मान्य कराव्या लागल्या आणि आंदोलकांचा दबाव वाढला [३]। <br/>हा लढा हैद्राबाद मुक्ती संग्रामाचा एक अत्यंत महत्त्वाचा टप्पा मानला जातो, ज्याने पुढे १९४८ च्या पोलीस ॲक्शनची पायाभरणी केली [१, ६]। <br/> |
| 942 ## - ADDED ENTRY ELEMENTS (KOHA) | |
| Koha item type | Books |
| Source of classification or shelving scheme | Dewey Decimal Classification |
| Withdrawn status | Lost status | Source of classification or shelving scheme | Damaged status | Not for loan | Collection code | Home library | Current library | Date acquired | Vendor | Cost, normal purchase price | Total Checkouts | Barcode | Date last seen | Cost, replacement price | Bill Date | Koha item type | Original Barcode |
|---|---|---|---|---|---|---|---|---|---|---|---|---|---|---|---|---|---|
| Dewey Decimal Classification | MCA | MKSSS s K.B. Joshi Institute of Information Technology Library | MKSSS s K.B. Joshi Institute of Information Technology Library | 03/02/2026 | 188 | 105.00 | KBJP-BK-3025 | 03/02/2026 | 150.00 | 03/02/2026 | Books | 3025 |